| 000 | 00366nam a2200133Ia 4500 | ||
|---|---|---|---|
| 008 | 230917s9999||||xx |||||||||||||| ||und|| | ||
| 040 |
_e64395 _aMAIN |
||
| 041 | _aEnglish | ||
| 082 | _a320.50954 M896S | ||
| 100 | _aMukhi, H R | ||
| 245 | 0 | _aSimple history of modern Indian political thought: In question and answers | |
| 260 |
_aDelhi _bSurjeet _c1968 |
||
| 942 | _cBK | ||
| 999 |
_c50576 _d50576 |
||